[Event "CZE-chT1W 2223"]
[Site "Czech Republic"]
[Date "2023.02.26"]
[Round "9.8"]
[White "Plesek, Jiri"]
[Black "Svanda, Pavel"]
[Result "1-0"]
[WhiteElo "1991"]
[BlackElo "2071"]
[PlyCount "67"]
[EventDate "2022.10.09"]
[EventType "team-tourn"]
[EventRounds "11"]
[EventCountry "CZE"]
[SourceTitle "CBM 213 Extra"]
[Source "ChessBase"]
[SourceDate "2023.05.31"]
[SourceVersion "1"]
[SourceVersionDate "2023.05.31"]
[SourceQuality "1"]
[WhiteTeam "Pankrac"]
[BlackTeam "Gordic"]
[WhiteTeamCountry "CZE"]
[BlackTeamCountry "CZE"]

1. d4 d5 2. Nf3 Nf6 3. e3 e6 4. Bd3 b6 5. 0-0 Ba6 6. Bxa6 Nxa6 7. Qe2 Nb8 8. Nbd2 Be7 9. e4 0-0 10. exd5 Qxd5 11. c4 Qd8 12. b3 Nbd7 13. Bb2 Re8 14. Ne5 Nxe5 15. dxe5 Nd7 16. Rad1 Nc5 17. Ne4 Qc8 18. Ng3 Rd8 19. Bd4 a5 20. Qg4 Nd7 21. Nh5 Bf8 22. Rd3 g6 23. Rh3 Kh8 24. Be3 Be7 25. Nf6 Nxf6 26. Qh4 Nh5 27. Qxe7 Rd7 28. Qh4 Qg8 29. Bg5 Ng7 30. Bf6 a4 31. b4 a3 32. Qe4 Rd2 33. Bxg7+ Kxg7 34. Qf4 1-0

[Event "CZE-chT2B 2223"]
[Site "Czech Republic"]
[Date "2023.01.22"]
[Round "7.4"]
[White "Plesek, Jiri"]
[Black "Schmid, Michael2222"]
[Result "1-0"]
[WhiteElo "1975"]
[BlackElo "1709"]
[PlyCount "103"]
[EventDate "2022.10.16"]
[EventType "team-tourn"]
[EventRounds "11"]
[EventCountry "CZE"]
[SourceTitle "EXT 2024"]
[Source "ChessBase"]
[SourceDate "2023.10.10"]
[SourceVersion "1"]
[SourceVersionDate "2023.10.10"]
[SourceQuality "1"]
[WhiteTeam "Pankrac II"]
[BlackTeam "Karlovy Vary"]
[WhiteTeamCountry "CZE"]
[BlackTeamCountry "CZE"]

1. d4 Nf6 2. c4 g6 3. Nc3 d5 4. cxd5 Nxd5 5. Bd2 Bg7 6. e4 Nxc3 7. Bxc3 0-0 8. Bc4 c5 9. d5 Bxc3+ 10. bxc3 Qa5 11. Qd2 b5 12. Be2 Kg7 13. Nf3 Bg4 14. c4 Qxd2+ 15. Kxd2 Bxf3 16. gxf3 bxc4 17. Bxc4 Nd7 18. f4 Rab8 19. Rab1 Rb6 20. e5 Rfb8 21. Rb3 Rb4 22. Rc1 a5 23. Ke3 a4 24. Rbc3 Nb6 25. a3 Rb2 26. R1c2 Rxc2 27. Rxc2 Rd8 28. Ke4 f5+ 29. exf6+ Kxf6 30. Ba2 Nd7 31. Rb2 Rb8 32. Rxb8 Nxb8 33. Bc4 Nd7 34. Bb5 Nb6 35. h3 h6 36. h4 h5 37. f3 c4 38. Kd4 Kf5 39. Kc5 Nc8 40. Bxa4 Kxf4 41. Bc2 g5 42. hxg5 Kxg5 43. Kxc4 h4 44. Bd3 Kf4 45. Bf1 Kxf3 46. Kc5 Nd6 47. a4 Ke4 48. Kc6 Ke5 49. a5 Nc8 50. a6 Na7+ 51. Kb7 Kxd5 52. Kxa7 1-0

[Event "Prague op"]
[Site "Prague"]
[Date "2021.06.14"]
[Round "1"]
[White "Krzyzanowski, Marcin"]
[Black "Plesek, Jiri"]
[Result "1-0"]
[WhiteElo "2503"]
[BlackElo "2030"]
[PlyCount "61"]
[EventDate "2021.06.14"]
[EventType "swiss"]
[EventRounds "9"]
[EventCountry "CZE"]
[SourceTitle "CBM 203 Extra"]
[Source "ChessBase"]
[SourceDate "2021.09.30"]
[SourceVersion "1"]
[SourceVersionDate "2021.09.30"]
[SourceQuality "1"]

1. e4 c6 2. Nc3 d5 3. Nf3 Nf6 4. e5 Ne4 5. Ne2 Qb6 6. d4 e6 7. Ng3 c5 8. Bd3 Nc6 9. Bxe4 dxe4 10. dxc5 Bxc5 11. Nxe4 Qb4+ 12. Nc3 0-0 13. 0-0 Rd8 14. Qe2 Nd4 15. Nxd4 Bxd4 16. Nb5 Bd7 17. Nxd4 Qxd4 18. Bg5 Rdc8 19. Rad1 Qa4 20. b3 Qc6 21. c4 h6 22. Bh4 a5 23. a4 Be8 24. Qg4 Qc5 25. Bf6 Qf8 26. Rd3 Kh8 27. Bh4 Bc6 28. Rfd1 Qc5 29. Qf4 f6 30. Bxf6 Kh7 31. Bxg7 1-0

[Event "CZE-chT2A 1920"]
[Site "Czech Republic"]
[Date "2019.12.15"]
[Round "5.3"]
[White "Plesek, Jiri"]
[Black "Bartos, Jan"]
[Result "1-0"]
[WhiteElo "2074"]
[BlackElo "2102"]
[PlyCount "89"]
[EventDate "2019.10.13"]
[EventType "team-tourn"]
[EventRounds "11"]
[EventCountry "CZE"]
[SourceTitle "EXT 2024"]
[Source "ChessBase"]
[SourceDate "2023.10.10"]
[SourceVersion "1"]
[SourceVersionDate "2023.10.10"]
[SourceQuality "1"]
[WhiteTeam "Pankrac II"]
[BlackTeam "Unichess Reserve"]
[WhiteTeamCountry "CZE"]
[BlackTeamCountry "CZE"]

1. Nf3 d5 2. d4 Nf6 3. e3 e6 4. Bd3 b6 5. 0-0 Bb7 6. Ne5 Bd6 7. f4 0-0 8. Nd2 Ne4 9. Nxe4 dxe4 10. Bc4 Bd5 11. Be2 Nd7 12. c4 Bb7 13. Nxd7 Qxd7 14. c5 Be7 15. Qc2 b5 16. a4 bxa4 17. Qxa4 Bc6 18. Qc2 f5 19. Bd2 Bb5 20. Bxb5 Qxb5 21. Ra5 Qe2 22. Re1 Qg4 23. Rea1 Qe2 24. Qd1 Qxd1+ 25. Rxd1 g5 26. g3 gxf4 27. gxf4 Kf7 28. b4 Rg8+ 29. Kh1 Bh4 30. Rg1 Rxg1+ 31. Kxg1 Ke7 32. b5 Kd7 33. Kf1 Be7 34. Ke2 h5 35. Kd1 h4 36. h3 c6 37. bxc6+ Kxc6 38. Ra6+ Kd5 39. Kc2 Bf8 40. Kc3 Be7 41. Be1 Rh8 42. Rxa7 Rh7 43. Rc7 e5 44. fxe5 Ke6 45. Kc4 1-0

[Event "CZE-chT2A 1920"]
[Site "Czech Republic"]
[Date "2019.11.17"]
[Round "3.4"]
[White "Vojta, Tomas"]
[Black "Plesek, Jiri"]
[Result "1/2-1/2"]
[WhiteElo "2353"]
[BlackElo "2074"]
[PlyCount "97"]
[EventDate "2019.10.13"]
[EventType "team-tourn"]
[EventRounds "11"]
[EventCountry "CZE"]
[SourceTitle "EXT 2024"]
[Source "ChessBase"]
[SourceDate "2023.10.10"]
[SourceVersion "1"]
[SourceVersionDate "2023.10.10"]
[SourceQuality "1"]
[WhiteTeam "Vlasim II"]
[BlackTeam "Pankrac II"]
[WhiteTeamCountry "CZE"]
[BlackTeamCountry "CZE"]

1. e4 c6 2. d4 d5 3. e5 c5 4. dxc5 e6 5. Be3 Nh6 6. c3 Nf5 7. Bd4 Nxd4 8. cxd4 b6 9. Bb5+ Bd7 10. Bxd7+ Nxd7 11. cxb6 Qxb6 12. Qd2 Rb8 13. Nf3 Qxb2 14. Qxb2 Rxb2 15. Nbd2 Bb4 16. Ke2 Ke7 17. Rab1 Rxb1 18. Rxb1 Rb8 19. Kd3 f6 20. exf6+ gxf6 21. Nb3 a5 22. Rc1 Kd6 23. Rc2 e5 24. Nh4 a4 25. Nd2 Bxd2 26. Rxd2 exd4 27. Nf5+ Ke5 28. Nxd4 Nc5+ 29. Ke3 Re8 30. f3 Kd6+ 31. Kf4 Ne6+ 32. Nxe6 Rxe6 33. Kf5 Re3 34. Kxf6 Kc5 35. f4 d4 36. g4 d3 37. f5 Kd4 38. Rd1 Kc3 39. h4 Kc2 40. Rh1 d2 41. h5 d1Q 42. Rxd1 Kxd1 43. g5 Ra3 44. g6 hxg6 45. fxg6 Rxa2 46. g7 Rg2 47. Kf7 Rxg7+ 48. Kxg7 a3 49. h6 1/2-1/2

[Event "Pardubice Czech op-A 30th"]
[Site "Pardubice"]
[Date "2019.07.19"]
[Round "1"]
[White "Cerveny, Petr"]
[Black "Plesek, Jiri"]
[Result "1/2-1/2"]
[WhiteElo "2333"]
[BlackElo "2104"]
[PlyCount "71"]
[EventDate "2019.07.19"]
[EventType "swiss"]
[EventRounds "9"]
[EventCountry "CZE"]
[SourceTitle "CBM 191"]
[Source "ChessBase"]
[SourceDate "2019.08.31"]
[SourceVersion "1"]
[SourceVersionDate "2019.08.31"]
[SourceQuality "1"]

1. e4 c6 2. d4 d5 3. exd5 cxd5 4. Bd3 Nc6 5. c3 Nf6 6. Bf4 Bg4 7. Qb3 Qc8 8. Nd2 e6 9. Ngf3 Be7 10. 0-0 Bh5 11. Rfe1 0-0 12. a4 Bg6 13. Bxg6 hxg6 14. h4 Qd7 15. Ng5 Rac8 16. Re3 Ng4 17. Rg3 e5 18. dxe5 Bc5 19. Rf1 Qf5 20. Nh3 Ncxe5 21. Bxe5 Nxe5 22. Nf3 Nxf3+ 23. Rxf3 Qe4 24. Ng5 Qc4 25. Qxb7 Rc7 26. Qxc7 Bxf2+ 27. R1xf2 Qxc7 28. Ne6 fxe6 29. Rxf8+ Kh7 30. Re8 Qg3 31. Rxe6 Qxh4 32. Rf7 Qxa4 33. Ree7 Qa1+ 34. Kh2 Qxb2 35. Rxg7+ Kh6 36. Rh7+ 1/2-1/2

[Event "CZE-chT1W 1819"]
[Site "Czech Republic"]
[Date "2018.12.09"]
[Round "4.6"]
[White "Plesek, Jiri"]
[Black "Zeman, Matyas"]
[Result "0-1"]
[WhiteElo "2147"]
[BlackElo "2218"]
[PlyCount "56"]
[EventDate "2018.10.21"]
[EventType "team-tourn"]
[EventRounds "11"]
[EventCountry "CZE"]
[SourceTitle "CBM 187 Extra"]
[Source "ChessBase"]
[SourceDate "2018.11.04"]
[SourceVersion "1"]
[SourceVersionDate "2018.11.04"]
[SourceQuality "1"]
[WhiteTeam "Pankrac"]
[BlackTeam "Ceske Budejovice"]
[WhiteTeamCountry "CZE"]
[BlackTeamCountry "CZE"]

1. Nf3 d5 2. c4 e6 3. g3 Nf6 4. Bg2 Be7 5. b3 c5 6. 0-0 0-0 7. Bb2 Nc6 8. e3 b6 9. Qe2 Bb7 10. Rd1 dxc4 11. bxc4 Qc7 12. Nc3 Rac8 13. Rac1 a6 14. d4 cxd4 15. exd4 Na5 16. d5 Qxc4 17. dxe6 Qxe6 18. Qxe6 fxe6 19. Ng5 Bxg2 20. Kxg2 Nc4 21. Ba1 Ng4 22. Nge4 Ba3 23. Rb1 b5 24. Rd7 Nce5 25. Ra7 Nxf2 26. Nxb5 Nxe4 27. Nxa3 Rf2+ 28. Kh3 Ng5+ 0-1

[Event "Prague Summer op-A 5th"]
[Site "Prague"]
[Date "2018.08.09"]
[Round "8"]
[White "Marczuk, Dominik"]
[Black "Plesek, Jiri"]
[Result "1-0"]
[WhiteElo "2290"]
[BlackElo "2165"]
[PlyCount "77"]
[EventDate "2018.08.03"]
[EventType "swiss"]
[EventRounds "9"]
[EventCountry "CZE"]
[SourceTitle "CBM 185 Extra"]
[Source "ChessBase"]
[SourceDate "2018.07.29"]
[SourceVersion "1"]
[SourceVersionDate "2018.07.29"]
[SourceQuality "1"]

1. d4 d5 2. Nc3 e6 3. e4 Bb4 4. e5 c5 5. a3 Bxc3+ 6. bxc3 Ne7 7. Qg4 Nf5 8. Bd3 h5 9. Qf4 Qh4 10. Bxf5 Qxf4 11. Bxf4 exf5 12. dxc5 Be6 13. Be3 Nd7 14. f4 Ke7 15. Nf3 Rhc8 16. Kd2 Nxc5 17. Bxc5+ Rxc5 18. Rhb1 Rc7 19. Nd4 Bd7 20. a4 Rac8 21. Ra3 b6 22. a5 bxa5 23. Rxa5 Rxc3 24. Rxa7 R8c7 25. Rbb7 Kd8 26. Rxc7 Rxc7 27. Rxc7 Kxc7 28. Kd3 Kb6 29. Nb3 Bb5+ 30. Kd4 Bc4 31. Nd2 Ba2 32. Nf3 Bb1 33. Kxd5 Bxc2 34. Kd6 g6 35. Ng5 Bb3 36. h4 Ba2 37. Ke7 Kc5 38. Nxf7 Kd4 39. Nh8 1-0

[Event "CZE-chT2C 1718"]
[Site "Czech Republic"]
[Date "2018.03.18"]
[Round "10.5"]
[White "Lamser, Jan"]
[Black "Plesek, Jiri"]
[Result "0-1"]
[WhiteElo "2094"]
[BlackElo "2142"]
[PlyCount "74"]
[EventDate "2017.10.15"]
[EventType "team-tourn"]
[EventRounds "11"]
[EventCountry "CZE"]
[SourceTitle "EXT 2022"]
[Source "ChessBase"]
[SourceDate "2021.10.06"]
[SourceVersion "1"]
[SourceVersionDate "2021.10.06"]
[SourceQuality "1"]
[WhiteTeam "Unichess Vyletna"]
[BlackTeam "Pankrac II"]
[WhiteTeamCountry "CZE"]
[BlackTeamCountry "CZE"]

1. d4 f5 2. Nf3 Nf6 3. e3 e6 4. Bd3 d5 5. Ne5 Bd6 6. f4 0-0 7. Nd2 c5 8. c3 b6 9. Qe2 c4 10. Bc2 b5 11. 0-0 Ne4 12. Ndf3 a5 13. g4 b4 14. Bxe4 fxe4 15. Ng5 Bxe5 16. dxe5 Nc6 17. Nh3 a4 18. Kh1 a3 19. bxa3 bxc3 20. Rg1 Ba6 21. Ng5 Qe7 22. Rb1 Rab8 23. Rxb8 Rxb8 24. Qc2 Nxe5 25. Qxc3 Nd3 26. a4 h6 27. Ba3 Qd7 28. Nh3 d4 29. exd4 e3 30. Kg2 Qd5+ 31. Kg3 Qe4 32. Bc1 Bb7 33. Qxc4 Bd5 34. Qc3 Rf8 35. Kh4 Rxf4 36. Nxf4 g5+ 37. Kh5 Nxf4+ 0-1

[Event "CZE-chT2C 1718"]
[Site "Czech Republic"]
[Date "2017.12.17"]
[Round "5.5"]
[White "Plesek, Jiri"]
[Black "Vanka, Miloslav"]
[Result "1/2-1/2"]
[WhiteElo "2142"]
[BlackElo "2149"]
[PlyCount "72"]
[EventDate "2017.10.15"]
[EventType "team-tourn"]
[EventRounds "11"]
[EventCountry "CZE"]
[SourceTitle "EXT 2022"]
[Source "ChessBase"]
[SourceDate "2021.10.06"]
[SourceVersion "1"]
[SourceVersionDate "2021.10.06"]
[SourceQuality "1"]
[WhiteTeam "Pankrac II"]
[BlackTeam "Praha Dukla"]
[WhiteTeamCountry "CZE"]
[BlackTeamCountry "CZE"]

1. Nf3 Nf6 2. c4 e6 3. g3 b6 4. Bg2 Bb7 5. 0-0 c5 6. b3 Be7 7. Bb2 0-0 8. e3 d5 9. Qe2 Nbd7 10. Nc3 Qc7 11. cxd5 exd5 12. d4 Rac8 13. Rfd1 Rfd8 14. Rac1 Qb8 15. Ne5 Bd6 16. Nxd7 Rxd7 17. Bh3 Re7 18. Bxc8 Qxc8 19. Nb5 Bb8 20. dxc5 bxc5 21. Bxf6 gxf6 22. b4 c4 23. Nd4 Re4 24. Qf3 Be5 25. Nf5 Kh8 26. Qh5 Qe8 27. f3 Rxe3 28. Nxe3 Bd4 29. Re1 Bxe3+ 30. Kg2 Qe6 31. Qh4 d4 32. Rxe3 Qxe3 33. Qxf6+ Kg8 34. Qf4 Bxf3+ 35. Qxf3 Qxc1 36. Qg4+ Kf8 1/2-1/2

[Event "CZE-chT2C 1718"]
[Site "Czech Republic"]
[Date "2017.11.19"]
[Round "3.3"]
[White "Horak, Martin"]
[Black "Plesek, Jiri"]
[Result "1-0"]
[WhiteElo "2275"]
[BlackElo "2142"]
[PlyCount "37"]
[EventDate "2017.10.15"]
[EventType "team-tourn"]
[EventRounds "11"]
[EventCountry "CZE"]
[SourceTitle "EXT 2022"]
[Source "ChessBase"]
[SourceDate "2021.10.06"]
[SourceVersion "1"]
[SourceVersionDate "2021.10.06"]
[SourceQuality "1"]
[WhiteTeam "Kutna Hora"]
[BlackTeam "Pankrac II"]
[WhiteTeamCountry "CZE"]
[BlackTeamCountry "CZE"]

1. d4 f5 2. e4 fxe4 3. Nc3 Nf6 4. Bg5 Nc6 5. d5 Ne5 6. Qd4 Nf7 7. Bxf6 exf6 8. Nxe4 f5 9. Ng3 g6 10. Nf3 Bh6 11. d6 0-0 12. Bc4 Bg7 13. Qf4 Bxb2 14. Rb1 Bc3+ 15. Kf1 b5 16. dxc7 Qf6 17. Bd5 Ba6 18. Ng5 Be5 19. Qh4 1-0

[Event "CZE-chT1W 1718"]
[Site "Czech Republic"]
[Date "2017.11.12"]
[Round "2.2"]
[White "Plesek, Jiri"]
[Black "Jandourek, Lukas"]
[Result "1/2-1/2"]
[WhiteElo "2154"]
[BlackElo "2254"]
[PlyCount "114"]
[EventDate "2017.10.29"]
[EventType "team-tourn"]
[EventRounds "11"]
[EventCountry "CZE"]
[SourceTitle "EXT 2019"]
[Source "ChessBase"]
[SourceDate "2018.10.10"]
[SourceVersion "1"]
[SourceVersionDate "2018.10.10"]
[SourceQuality "1"]
[WhiteTeam "Pankrac"]
[BlackTeam "Neratovice"]
[WhiteTeamCountry "CZE"]
[BlackTeamCountry "CZE"]

1. Nf3 d5 2. c4 c6 3. b3 Nf6 4. Bb2 h6 5. g3 Bf5 6. Bg2 e6 7. 0-0 Be7 8. d3 0-0 9. Nbd2 Nbd7 10. a3 a5 11. Qc2 Bh7 12. Rac1 Qc7 13. cxd5 exd5 14. Rfe1 Rfe8 15. Qb1 Rad8 16. Qa1 Qb6 17. Bd4 c5 18. Bc3 Bf8 19. d4 Ne4 20. Nxe4 Bxe4 21. Qb2 f6 22. Bh3 Nb8 23. dxc5 Bxc5 24. Bd4 Bxd4 25. Nxd4 Nc6 26. Ne6 Rd6 27. Nc5 d4 28. Nxe4 Rxe4 29. Bf5 Re5 30. Bb1 f5 31. Bd3 g6 32. Qd2 Kg7 33. Rb1 Re7 34. h4 Qc5 35. b4 axb4 36. axb4 Qd5 37. Rbc1 Ne5 38. Rc5 Qe6 39. Rec1 b6 40. Rc7 Rxc7 41. Rxc7+ Rd7 42. Rxd7+ Qxd7 43. Qf4 Nxd3 44. exd3 h5 45. Qe5+ Kh7 46. Qf6 b5 47. Qe5 Kg8 48. Kf1 Kh7 49. Qc5 f4 50. Qe5 fxg3 51. fxg3 Qf5+ 52. Qxf5 gxf5 53. Kf2 Kg6 54. Kf3 Kf7 55. Kf2 Ke6 56. Ke2 Ke7 57. Kf3 Kf7 1/2-1/2

[Event "CZE-chT2C 1718"]
[Site "Czech Republic"]
[Date "2017.10.15"]
[Round "1.5"]
[White "Hejda, Antonin"]
[Black "Plesek, Jiri"]
[Result "0-1"]
[WhiteElo "2104"]
[BlackElo "2142"]
[PlyCount "80"]
[EventDate "2017.10.15"]
[EventType "team-tourn"]
[EventRounds "11"]
[EventCountry "CZE"]
[SourceTitle "EXT 2022"]
[Source "ChessBase"]
[SourceDate "2021.10.06"]
[SourceVersion "1"]
[SourceVersionDate "2021.10.06"]
[SourceQuality "1"]
[WhiteTeam "Praha Eurovia"]
[BlackTeam "Pankrac II"]
[WhiteTeamCountry "CZE"]
[BlackTeamCountry "CZE"]

1. c4 f5 2. Nc3 g6 3. g3 Nf6 4. Bg2 Bg7 5. d4 0-0 6. Bg5 d6 7. Qd2 Nc6 8. Nh3 e5 9. d5 Ne7 10. Bh6 Bd7 11. Bxg7 Kxg7 12. Ng5 Qc8 13. 0-0-0 h6 14. Nf3 b5 15. cxb5 a6 16. bxa6 Qxa6 17. Ne1 c6 18. dxc6 Bxc6 19. Qxd6 Qb7 20. Bxc6 Nxc6 21. Nc2 Rfb8 22. b3 Rd8 23. Qc5 Ra5 24. Qc4 Nd4 25. Qb4 Qa7 26. e3 Rb8 27. Qd6 Ne8 28. Qxb8 Qxb8 29. exd4 e4 30. Kb2 Nf6 31. Ne3 Qb4 32. Nc4 Nd5 33. Nxd5 Rxd5 34. a3 Qb8 35. Rhe1 h5 36. Re3 h4 37. b4 Rd8 38. d5 Qb5 39. Rc3 Rxd5 40. a4 Qxb4+ 0-1

[Event "Pardubice Czech op-A 28th"]
[Site "Pardubice"]
[Date "2017.07.22"]
[Round "2"]
[White "Nasanjargal, Urtnasan"]
[Black "Plesek, Jiri"]
[Result "1-0"]
[WhiteElo "2381"]
[BlackElo "2176"]
[PlyCount "89"]
[EventDate "2017.07.21"]
[EventType "swiss"]
[EventRounds "9"]
[EventCountry "CZE"]
[SourceTitle "CBM 179 Extra"]
[Source "ChessBase"]
[SourceDate "2017.08.23"]
[SourceVersion "1"]
[SourceVersionDate "2017.08.23"]
[SourceQuality "1"]

1. b3 e5 2. Bb2 Nc6 3. e3 d5 4. Bb5 Bd6 5. f4 f6 6. fxe5 fxe5 7. Nf3 Nh6 8. 0-0 0-0 9. Bxc6 bxc6 10. Nxe5 Rxf1+ 11. Qxf1 Qg5 12. Qf4 Qh5 13. Na3 Ba6 14. g4 Qh3 15. Qg3 Qxg3+ 16. hxg3 Rf8 17. g5 Nf7 18. Nf3 Bxg3 19. d3 Bc8 20. Kg2 Bd6 21. Rf1 Bg4 22. c4 Bxf3+ 23. Rxf3 Nxg5 24. Rxf8+ Bxf8 25. Nc2 Ne6 26. Be5 Kf7 27. d4 g5 28. c5 Bg7 29. Bg3 h5 30. Nb4 h4 31. Be1 Nd8 32. Na6 Ne6 33. Nb8 Kg6 34. Nxc6 Kf5 35. Nxa7 Ke4 36. a4 Kxe3 37. Nc6 Nxd4 38. Nxd4 Bxd4 39. b4 Ke2 40. Bg3 Bc3 41. Bxc7 Bxb4 42. c6 d4 43. Bd8 Bd6 44. a5 d3 45. Bxg5 1-0

[Event "CZE-chT1W 1617"]
[Site "Czech Republic"]
[Date "2017.03.05"]
[Round "9.1"]
[White "Gregor, Jiri"]
[Black "Plesek, Jiri"]
[Result "1/2-1/2"]
[WhiteElo "2219"]
[BlackElo "2139"]
[PlyCount "37"]
[EventDate "2016.10.16"]
[EventType "team-tourn"]
[EventRounds "11"]
[EventCountry "CZE"]
[SourceTitle "CBM 177 Extra"]
[Source "ChessBase"]
[SourceDate "2017.04.27"]
[SourceVersion "1"]
[SourceVersionDate "2017.04.27"]
[SourceQuality "1"]
[WhiteTeam "Neratovice"]
[BlackTeam "Pankrac"]
[WhiteTeamCountry "CZE"]
[BlackTeamCountry "CZE"]

1. d4 f5 2. Nh3 Nf6 3. Bg5 e6 4. e3 Be7 5. Nd2 0-0 6. Nf4 d6 7. Bc4 d5 8. Bd3 c5 9. c3 Nc6 10. Qe2 Bd7 11. Nf3 c4 12. Bc2 b5 13. h3 Ne4 14. Bxe7 Qxe7 15. h4 b4 16. Bxe4 fxe4 17. Ng5 bxc3 18. bxc3 Rab8 19. 0-0 1/2-1/2